Bighit Artists Quiz Stats

 Plays Quiz not verified by Sporcle

Score 0/6 Timer 05:00
0 Plays Today
Hint Answer % Correct
CurrentBTS
99.8%
CurrentHomme
58.6%
FormerGLAM
53.4%
Former2am
41.6%
Former8Eight
19%
FormerLim Jeonghee
7.9%

You're not logged in!

Compare scores with friends on all Sporcle quizzes.
OR
Log In

Sporcle TV

Today on Sporcle TV


Watch our educational content, quiz creation guides, and fun videos on Sporcle TV.

Show Comments

Extras

Created Aug 27, 2017ReportNominate
Tags:Kpop Quiz, BTS, Kpop Idol, Kpop Quiz

Top Quizzes Today


Score Distribution

Your Account Isn't Verified!

In order to create a playlist on Sporcle, you need to verify the email address you used during registration. Go to your Sporcle Settings to finish the process.

Report this User

Report this user for behavior that violates our Community Guidelines.

Details: